| 000 | 00706nam a2200229 i 4500 | ||
|---|---|---|---|
| 001 | 36786 | ||
| 003 | ES-MaACL | ||
| 005 | 20231215062947.0 | ||
| 007 | t| | ||
| 008 | 030219s1978 sp ||||1| spa d | ||
| 020 | _a84-7014-017-5 | ||
| 080 | _a82-93.09 | ||
| 100 | 1 |
_aBravo-Villasante, Carmen, _d1918-1994 _931507 |
|
| 245 | 1 | 0 |
_aLiteratura infantil universal / _cCarmen Bravo-Villasante ; [ilustra M. Boix]. |
| 260 |
_aMadrid : _bAlmena, _c1978. |
||
| 300 |
_a2 v. : _bil. col. y n. ; _c25 cm. |
||
| 504 | _aReferencias bibliográficas. | ||
| 650 | 4 |
_aLiteratura infantil- _xHistoria y crÃtica. _914620 |
|
| 700 | 1 |
_aBoix, Manuel. _929897 |
|
| 852 | 4 |
_aES-MaACL _jA-9240-41 |
|
| 999 |
_c36786 _d36786 |
||